书目信息 |
| 题名: |
西方文艺理论名著选编(中卷)
|
|
| 作者: | 伍蠡甫 , 胡经之 主编 | |
| 分册: | ||
| 出版信息: | 北京 北京大学出版社 1986.06 |
|
| 页数: | 530页 | |
| 开本: | 32开 | |
| 丛书名: | ||
| 单 册: | ||
| 中图分类: | I106 | |
| 科图分类: | ||
| 主题词: | 文学--世界 | |
| 电子资源: | ||
| ISBN: | 7-301-00175-4 | |
| 000 | 00631nam0 2200205 45 | |
| 001 | 0007281783 | |
| 005 | 20000728170227.4 | |
| 010 | @a7-301-00175-4@d22.00元 | |
| 100 | @a20000728d1986 km y0chiy0120 ea | |
| 101 | 0 | @achi |
| 105 | @a z 000yy | |
| 200 | 1 | @a西方文艺理论名著选编(中卷)@AXi Fang Wen Yi Li Lun Ming Zhu Xuan Bian(Zhong Juan)@f伍蠡甫,胡经之主编@FWu Li Fu,Hu Jing Zhi Zhu Bian |
| 210 | @a北京@c北京大学出版社@d1986.06 | |
| 215 | @a530页@d32开 | |
| 606 | 0 | @a文学@x世界 |
| 690 | @aI106@v3 | |
| 701 | 0 | @a伍蠡甫@4主编 |
| 701 | 0 | @a胡经之@4主编 |
| 801 | @aCN@bPftUser@c20000728 | |
| 905 | @b81094-098@dI106@eW245:2@f5 | |
| 西方文艺理论名著选编(中卷)/伍蠡甫,胡经之主编.-北京:北京大学出版社,1986.06 |
| 530页;32开 |
| ISBN 7-301-00175-4:22.00元 |
| ● |
| 相关链接 |
|
|
|
正题名:西方文艺理论名著选编(中卷)
索取号:I106/W245:2
 
预约/预借
| 序号 | 登录号 | 条形码 | 馆藏地/架位号 | 状态 | 备注 |
| 1 | 81094 | 200810943 | 社科二线400B/400B社科库 16排4列4层/ [索取号:I106/W245:2] | 在馆 | |
| 2 | 81095 | 200810952 | 文学库108/108文学库 1排5列1层/ [索取号:I106/W245:2] | 在馆 | |
| 3 | 81096 | 200810961 | 社科二线400B/400B社科库 16排4列4层/ [索取号:I106/W245:2] | 在馆 | |
| 4 | 81097 | 200810970 | 社科二线400B/400B社科库 16排4列4层/ [索取号:I106/W245:2] | 在馆 | |
| 5 | 81098 | 200810989 | 文学库108/108文学库 1排5列1层/ [索取号:I106/W245:2] | 在馆 |